Statistics for Brian Eno Albums

Click here to take the quiz!

General Stats

  • This quiz has been taken 108 times
    (26 since last reset)
  • The average score is 14 of 54

Answer Stats

HintAnswer% Correct
1978Ambient 1 : Music For Airports
91%
1974Here Come The Warm Jets
82%
1974Taking Tiger Mountain (by Strategy)
82%
1975Another Green World
82%
1980Ambient 3 : Day of Radiance (with Laraaji)
73%
1980Ambient 2 : The Plateaux of Mirror (with Harold Budd)
73%
1982Ambient 4 : On Land
68%
1977Before and After Science
68%
1983More Music For Films
55%
1983Apollo : Atmospheres and Soundtracks
55%
1978Music For Films
55%
1973(No Pussyfooting) with Robert Fripp
45%
1981My Life in the Bush of Ghosts (with David Byrne)
41%
1975Discreet Music
36%
2010Small Craft on a Milk Sea (with Leo Abrahams and Jon Hopkins)
32%
1975Evening Star (with Robert Fripp)
32%
1984The Pearl (with Harold Budd)
27%
1985Thursday Afternoon
27%
2005Another Day on Earth
23%
1997The Drop
23%
1977Cluster & Eno (with Cluster)
23%
2012Lux
23%
2016The Ship
18%
1993Neroli
18%
2017Reflection
18%
1992The Shutov Assembly
14%
1974Lady June's Linguistic Leprosy (with Kevin Ayers, Pip Pyle and Lady June)
14%
2011Drums Between the Bells (with Rick Holland)
14%
2010Making Space
14%
2008Everything that Happens will Happen Today (with David Byrne)
14%
1980Fourth World, Vol. 1 : Possible Musics (with Jon Hassell)
14%
1992Nerve Net
14%
1997Extracts from Music For White Cube
14%
1974June 1, 1974 (with Kevin Ayers, John Cale and Nico)
14%
1990Wrong Way Up (with John Cale)
14%
1995Spinner (with Jah Wobble)
9%
1999Kite Stories
9%
2014Someday World (with Karl Hyde)
9%
2001Compact Forest Proposal
9%
2003January 07003 : Bell Studies for the Clock of the Long Now
9%
2004The Equatorial Stars (with Robert Fripp)
9%
1979In a Land of Clear Colours (with Peter Sinfield)
9%
1995Original Soundtracks 1 (with U2, listed as Passengers)
9%
2014High Life (with Karl Hyde)
5%
1978After the Heat (with Dieter Moebius and Hans-Joachim Roedelius)
5%
2001Drawn from Life (with J. Peter Schwalm)
5%
1998I Dormienti
5%
2000Music For Civic Recovery Centre
5%
1998Lightness : Music For The Marble Palace
5%
1997Tracks and Traces (with Harmonia)
0%
2011Panic of Looking (with Rick Holland)
0%
2000Music for Onmyo-Ji (with J. Peter Schwalm)
0%
1993When I Was a Boy (with Jane Siberry)
0%
2007Beyond Even (1992-2006) (with Robert Fripp)
0%

Score Distribution

Percentile by Number Answered

Percent of People with Each Score

Your Score History

You have not taken this quiz since the last reset